000 00811cam a22002413a 4500
001 9847
003 PGUSA
005 20140828083216.0
008 060201s2006||||xxu|||||s|||||000 | eng d
040 _aPGUSA
_beng
042 _adc
050 4 _aPR
100 1 _aDurning-Lawrence, Edwin,
_cSir,
_d1837-1914
245 1 0 _aBacon is Shake-Speare :
_bTogether with a Reprint of Bacon's Promus of Formularies and Elegancies
_h[electronic resource] /
_cEdwin, Durning-Lawrence
260 _bProject Gutenberg,
_c2006
506 _aPublic domain in the USA.
516 _aElectronic text
653 _aShakespeare, William, 1564-1616 -- Authorship -- Baconian theory
700 1 _aBacon, Francis,
_d1561-1626
830 0 _aProject Gutenberg
_v9847
856 4 0 _uhttp://www.gutenberg.org/ebooks/9847
942 _cEB
999 _c239103
_d239103